Missing Word: 1980s 'U' 'V' 'W' 'Y' 'Z' Song Endings Quiz Stats

 Plays Quiz Updated Dec 23, 2019

Support Sporcle.
Go Orange.
Score 0/20 Timer 04:00
0 Plays Today
Song Missing Word % Correct
Just the Two of ____Us
98.7%
Deja ____Vu
97.1%
Down ____Under
96.2%
You Ain't Seen Nothing ____Yet
95.7%
Start Me ____Up
94%
We Are the ____World
93.6%
C'est La ____Vie
93.5%
Words Get in the ____Way
93.4%
She's Like the ____Wind
86.9%
Twilight ____Zone
86.7%
Song Missing Word % Correct
Forever ____Young
85.7%
Fairytale of New ____York
84.2%
Rebel ____Yell
83.1%
Express ____Yourself
78.5%
I Can't ____Wait
72.2%
I'll Tumble 4 ____Ya
60.3%
Oh ____Yeah
55.4%
That Was ____Yesterday
52.1%
One ____Vision
34.1%
Eye of the ____Zombie
19.8%

Today's Daily Dose

You're not logged in!

Compare scores with friends on all Sporcle quizzes.
OR
Log In

From the Vault

World Leaders: Multiple Choice III

by Thebiguglyalien

The look of a man who seems to be saying with his eyes, 'I've wrestled a bear and won.'
Remove Ads.
Support Sporcle.
Get the best of Sporcle when you Go Orange. This ad-free experience offers more features, more stats, and more fun while also helping to support Sporcle. Thank you for becoming a member.

Show Comments

Extras

Top Quizzes Today


Score Distribution

Your Account Isn't Verified!

In order to create a playlist on Sporcle, you need to verify the email address you used during registration. Go to your Sporcle Settings to finish the process.

Report this User

Report this user for behavior that violates our Community Guidelines.

Details: